| 000 | 00790nam a22002657a 4500 | ||
|---|---|---|---|
| 003 | CHAP | ||
| 005 | 20220329134308.0 | ||
| 008 | 971013s1903 r 00010 d | ||
| 010 | _a18321 | ||
| 011 | _a19293 | ||
| 035 | _a23378 | ||
| 040 | _cCHAP | ||
| 082 |
_a678.2 _bJ8 |
||
| 100 | 0 | 0 |
_aJumelle, Henri. _962339 |
| 245 |
_aLes plantes a caoutchouc et a gutta _b: exploitation, culture et commerce dans tous les pays chauds |
||
| 260 |
_aParis : _bAugustin Challamel, _c1903 |
||
| 300 |
_a542 p. _b: ilus |
||
| 590 |
_aBATCH-UPD _b10 _c20130110 _lUCH01 _h1517 |
||
| 590 |
_aCONVERSION _b10 _c20130109 _lUCH01 _h1311 |
||
| 650 | 1 | 4 |
_aCaucho. _920537 |
| 650 | 1 | 4 |
_aCultivos tropicales. _930383 |
| 901 | _aBK | ||
| 942 | _cLIBRO | ||
| 949 |
_a678.2 J8 _bBC _cBPP _d-54435 _eBPP _h73373 _i23378 _si |
||
| 999 |
_c18321 _d18321 |
||